Leader xxxxxxxxxx
001 __ PCLIS00053470
005 __ 20210623143008.0
009 __ |a(CIP)108001090
010 0_ |a978-957-503-360-6|b平裝|dNT$380
042 __ |anbim
100 __ |a20191030g20192020de y0chiy09 e
101 0_ |achi
102 __ |atw
105 __ |af z 000ay
200 1_ |a仙靈傳奇|h參|i畫仙|f陳郁如文
205 __ |a第一版
210 __ |a臺北市|c親子天下|d2019[民108]
215 0_ |a307, 圖版[12]面|c彩圖|d21公分
225 12 |a少年天下系列|v49
320 __ |a附: 仙靈古畫集錦
517 1_ |a畫仙|zchi
700 _1 |a陳|b郁如|4文
681 __ |a857.7|b8756 v.3
801 _0 |atw|bLibDipper|c20191030|gCCR
801 _1 |atw|b內湖高中|c20191105|gCCR
801 _2 |atw|b內湖高中|c20210623|gCCR
|